000 00488cam a2200193ua 4500
001 6130
008 131120n ii |||gr||||Z||||||eng
020 _a978-81-272-5260-1
040 _cMAIN
082 _a658.1511
245 _aManagement Accounting
_cBy S.P. Jain
260 _aLudhiana:
_bKalyani Publishers,
_c2009.
300 _ax,349p.
653 _aCommerce
653 _aManagement Accounting
700 _aJain,S.P.,
_eAuthor.,
700 _aNarang,K.L.,
_eAuthor.
942 _cBK
999 _c5282
_d5282